000 00716nam a2200205 a 4500
001 000047262
005 20201002053508.0
008 180425s2015 dr a 000 0 spa d
020 _a9789945123364
040 _aDO-SdBNP
_bspa
_cBNPHU
100 1 _aArvelo, Thelma
_bA795L
_974971
245 1 0 _aLengua española :
_bguía didáctica y solucionario 1-2-3-4-5-6 ; primaria /
_cThelma Arvelo, Lilian Castillo , Isabel Vargas.
260 _aSanto Domingo :
_bSusaeta,
_c2015.
300 _a238p. :
_bil. ;
_c27 cm.
500 _aEnfoque por competencias. Nuevo currículo.
504 _aBibliografía: p. 238
590 _aInventariado, 2018/MFF
700 1 _aCastillo, Lilian
_974440
700 1 _aVargas, Isabel
_973396
999 _c46750
_d46750